[Event "Glasgow op"]
[Site "Glasgow"]
[Date "2023.11.05"]
[Round "5"]
[White "Paul, Rabindra"]
[Black "Srivastava, Aditya"]
[Result "1/2-1/2"]
[WhiteElo "1847"]
[BlackElo "1634"]
[PlyCount "86"]
[EventDate "2023.11.03"]
[EventType "swiss"]
[EventRounds "5"]
[EventCountry "SCO"]
[SourceTitle "Mega2024 Update 01"]
[Source "Chessbase"]
[SourceDate "2023.11.12"]
[SourceVersion "1"]
[SourceVersionDate "2023.11.12"]
[SourceQuality "1"]

1. e4 d6 2. d4 Nf6 3. Nc3 g6 4. f4 Bg7 5. Nf3 0-0 6. Bd3 Nc6 7. e5 dxe5 8. dxe5 Nd5 9. Nxd5 Qxd5 10. Qe2 Bg4 11. Be4 Qc5 12. c3 a6 13. Be3 Qb5 14. h3 Qxe2+ 15. Kxe2 Be6 16. Bc5 f6 17. Nd4 Nxd4+ 18. cxd4 fxe5 19. fxe5 Rf4 20. Bf3 Bc4+ 21. Kd2 Rd8 22. Kc3 b6 23. Kxc4 bxc5 24. Bd5+ Kh8 25. Kxc5 e6 26. Bb3 Rdxd4 27. Rhe1 Rde4 28. Bxe6 Bxe5 29. g3 Bd6+ 30. Kc6 Rxe1 31. Rxe1 Rb4 32. b3 Bxg3 33. Rf1 Rb6+ 34. Kd7 Kg7 35. Rf7+ Kh6 36. Bc4 Rd6+ 37. Kc8 Rd2 38. a4 a5 39. Kb7 Rh2 40. Rf3 Bd6 41. Bg8 Kg7 42. Be6 Kh6 43. Bg8 Kg7 1/2-1/2

[Event "Glasgow op"]
[Site "Glasgow"]
[Date "2023.11.04"]
[Round "2"]
[White "Nolan, Graeme"]
[Black "Paul, Rabindra"]
[Result "1-0"]
[WhiteElo "2163"]
[BlackElo "1847"]
[PlyCount "123"]
[EventDate "2023.11.03"]
[EventType "swiss"]
[EventRounds "5"]
[EventCountry "SCO"]
[SourceTitle "Mega2024 Update 01"]
[Source "Chessbase"]
[SourceDate "2023.11.12"]
[SourceVersion "1"]
[SourceVersionDate "2023.11.12"]
[SourceQuality "1"]

1. e4 d6 2. d4 Nf6 3. Nc3 g6 4. Be3 Nbd7 5. f3 Bg7 6. Qd2 c6 7. g4 h5 8. g5 Ng8 9. f4 e6 10. f5 gxf5 11. exf5 exf5 12. 0-0-0 d5 13. Nf3 Ne7 14. Nh4 Nf8 15. Bd3 Be6 16. Qf2 Qd7 17. Rhf1 f4 18. Bxf4 Nfg6 19. Bg3 Nxh4 20. Bxh4 Ng6 21. Na4 b6 22. Rde1 0-0-0 23. Rxe6 Nxh4 24. Rf6 Bxf6 25. Qxh4 Bxg5+ 26. Qxg5 Kb7 27. Qf4 Rdf8 28. Nc3 Qe7 29. Ne2 h4 30. Kd2 Rhg8 31. Rf2 a5 32. c3 b5 33. h3 a4 34. a3 Rh8 35. Qf6 Qe6 36. Qf5 Rhg8 37. Nf4 Qh6 38. Kc2 Rg1 39. Ne2 Rgg8 40. Qd7+ Kb6 41. Qe7 f6 42. Qc5+ Kb7 43. Bxb5 cxb5 44. Qxb5+ Kc7 45. Qc5+ Kb8 46. Qb6+ Kc8 47. Qc6+ Kb8 48. Qxd5 Qh7+ 49. Kd2 Qh6+ 50. Nf4 Qg5 51. Qd6+ Ka7 52. Qc7+ Ka6 53. Qc6+ Ka5 54. Qc7+ Ka6 55. Re2 Re8 56. Rxe8 Rxe8 57. Qc6+ Ka5 58. Qxe8 Qxf4+ 59. Qe3 Qf5 60. Qd3 Qf2+ 61. Kc1 Qg3 62. Qf5+ 1-0

[Event "Edinburgh Allegro op"]
[Site "Edinburgh"]
[Date "2023.08.05"]
[Round "1"]
[White "Paul, Rabindra"]
[Black "McNaught, Jordan J"]
[Result "1/2-1/2"]
[WhiteElo "1803"]
[BlackElo "1539"]
[PlyCount "173"]
[EventDate "2023.08.05"]
[EventType "swiss (rapid)"]
[EventRounds "5"]
[EventCountry "SCO"]
[SourceTitle "CBM 215 Extra"]
[Source "ChessBase"]
[SourceDate "2023.09.30"]
[SourceVersion "1"]
[SourceVersionDate "2023.09.30"]
[SourceQuality "1"]

1. c4 Nf6 2. Nc3 e6 3. Nf3 d5 4. d4 a6 5. cxd5 exd5 6. Bg5 Be6 7. g3 Nbd7 8. Bg2 c6 9. 0-0 Be7 10. h3 0-0 11. Qc2 Qc7 12. e4 dxe4 13. Nxe4 h6 14. Bf4 Qb6 15. Nc3 Nd5 16. Bd2 Bf6 17. Rad1 Rad8 18. Rfe1 Rfe8 19. a3 Qc7 20. Ne4 Be7 21. Nc5 Nf8 22. Nd3 Bf5 23. Bf1 Bd6 24. Kh2 Ne6 25. b4 Rd7 26. Qb3 Rde7 27. Nde5 f6 28. Nc4 Bh7 29. Nxd6 Qxd6 30. h4 Kh8 31. Bc1 Bg8 32. Bd3 Nf8 33. Qc2 Bh7 34. h5 Rxe1 35. Rxe1 Rxe1 36. Nxe1 Qe6 37. Nf3 Qg4 38. Bxh7 Nxh7 39. Qe2 Qxh5+ 40. Kg2 Ng5 41. Ng1 Qxe2 42. Nxe2 Nb6 43. Nf4 Kg8 44. Nd3 Ne6 45. Be3 Nc4 46. a4 Kf7 47. Kf3 Nxe3 48. fxe3 b6 49. Nb2 b5 50. a5 Nc7 51. Nd3 Nd5 52. Ke4 g6 53. Kf3 g5 54. e4 Ne7 55. Nc5 Nc8 56. Nxa6 Ke7 57. Kg4 Nd6 58. e5 fxe5 59. dxe5 Nc4 60. Kf5 h5 61. Nb8 c5 62. a6 cxb4 63. Nc6+ Kd7 64. Nxb4 h4 65. a7 Nb6 66. e6+ Kd6 67. e7 Kd7 68. Nd5 Na8 69. Kf6 hxg3 70. Ne3 g2 71. Kf7 Nc7 72. a8Q g1Q 73. Qd8+ Kc6 74. Qd4 Qf2+ 75. Kg6 Qf4 76. Qc3+ Kd7 77. Nf5 Qc4 78. Qf6 Qe6 79. Kxg5 Qxf6+ 80. Kxf6 b4 81. Nd4 Nd5+ 82. Ke5 Nxe7 83. Nb3 Nc6+ 84. Kd5 Kc7 85. Kc4 Kb6 86. Nd4 Nxd4 87. Kxb4 1/2-1/2

[Event "SCO-ch 125th"]
[Site "Paisley"]
[Date "2018.07.15"]
[Round "9"]
[White "Paul, Rabindra"]
[Black "McGillivray, Calum"]
[Result "1-0"]
[WhiteElo "1785"]
[BlackElo "1647"]
[PlyCount "130"]
[EventDate "2018.07.07"]
[EventType "swiss"]
[EventRounds "9"]
[EventCountry "SCO"]
[SourceTitle "CBM 185 Extra"]
[Source "ChessBase"]
[SourceDate "2018.07.29"]
[SourceVersion "1"]
[SourceVersionDate "2018.07.29"]
[SourceQuality "1"]

1. Nf3 d5 2. g3 Nf6 3. Bg2 e6 4. 0-0 c5 5. d3 Bd6 6. Nbd2 Qc7 7. e4 0-0 8. Re1 Nc6 9. Qe2 dxe4 10. dxe4 e5 11. c3 Be6 12. h4 Bg4 13. Nc4 Be7 14. Ne3 Bh5 15. Qc2 Rad8 16. Nh2 h6 17. Nd5 Nxd5 18. exd5 Bg6 19. Qe2 Nb8 20. Qxe5 Bd6 21. Qe2 Nd7 22. f4 c4 23. Qf3 Nf6 24. Be3 b6 25. Ng4 Ne4 26. Nf2 Rfe8 27. f5 Bxf5 28. Qxf5 Nxg3 29. Qf3 Qd7 30. Nh3 Nf5 31. Bf2 Bc5 32. h5 Nh4 33. Qg3 Bxf2+ 34. Nxf2 Nxg2 35. Qxg2 Rxe1+ 36. Rxe1 Qxd5 37. Re8+ Kh7 38. Rxd8 Qxd8 39. Qe4+ Kg8 40. Qxc4 Qg5+ 41. Qg4 Qc1+ 42. Kg2 Qxb2 43. Qc8+ Kh7 44. Qf5+ Kg8 45. Qc8+ Kh7 46. Qc4 Kg8 47. Kf3 Qb1 48. Qd5 Qc1 49. Qa8+ Kh7 50. Qe4+ Kg8 51. Qe8+ Kh7 52. Qxf7 Qxc3+ 53. Kg2 Qa5 54. Ne4 Qe5 55. Kf3 Qa1 56. Kg4 Qe5 57. Qf5+ Qxf5+ 58. Kxf5 b5 59. Nd6 b4 60. Nb7 a6 61. Na5 Kg8 62. Nc6 g5 63. hxg6 Kg7 64. Nxb4 a5 65. Nc6 a4 1-0

[Event "SCO-ch 125th"]
[Site "Paisley"]
[Date "2018.07.11"]
[Round "5"]
[White "Koehn, Lennart"]
[Black "Paul, Rabindra"]
[Result "1-0"]
[WhiteElo "2087"]
[BlackElo "1785"]
[PlyCount "101"]
[EventDate "2018.07.07"]
[EventType "swiss"]
[EventRounds "9"]
[EventCountry "SCO"]
[SourceTitle "CBM 185 Extra"]
[Source "ChessBase"]
[SourceDate "2018.07.29"]
[SourceVersion "1"]
[SourceVersionDate "2018.07.29"]
[SourceQuality "1"]

1. Nf3 d5 2. c4 d4 3. e3 c5 4. exd4 cxd4 5. d3 f6 6. g3 e5 7. Bg2 Bb4+ 8. Nfd2 Ne7 9. a3 Bxd2+ 10. Nxd2 0-0 11. b4 Qc7 12. 0-0 Nbc6 13. Re1 Ng6 14. c5 Be6 15. Ne4 a5 16. b5 Nce7 17. a4 Nd5 18. Ba3 Rfd8 19. Rc1 Nge7 20. Qd2 Bc8 21. Nd6 Be6 22. Nc4 Nc3 23. Nb6 Rab8 24. f4 Ng6 25. Qf2 Bf7 26. f5 Ne7 27. g4 Ned5 28. Nxd5 Bxd5 29. Bxd5+ Rxd5 30. Qc2 Rdd8 31. Qb3+ Qf7 32. Qc2 h5 33. h3 Nd5 34. c6 bxc6 35. bxc6 Rdc8 36. Rb1 Rxb1 37. Rxb1 Ne3 38. Qb3 Qxb3 39. Rxb3 Rxc6 40. Rb8+ Kh7 41. Ra8 hxg4 42. hxg4 Nxg4 43. Rxa5 Ne3 44. Ra8 Nxf5 45. a5 Nd6 46. a6 Nb5 47. a7 Ra6 48. Bc5 Ra5 49. Bb6 Ra3 50. Bc5 Rxd3 51. Rh8+ 1-0

[Event "SCO-ch 125th"]
[Site "Paisley"]
[Date "2018.07.07"]
[Round "1"]
[White "Abdulla, Murad"]
[Black "Paul, Rabindra"]
[Result "1-0"]
[WhiteElo "2281"]
[BlackElo "1785"]
[PlyCount "69"]
[EventDate "2018.07.07"]
[EventType "swiss"]
[EventRounds "9"]
[EventCountry "SCO"]
[SourceTitle "CBM 185 Extra"]
[Source "ChessBase"]
[SourceDate "2018.07.29"]
[SourceVersion "1"]
[SourceVersionDate "2018.07.29"]
[SourceQuality "1"]

1. e4 d5 2. exd5 Qxd5 3. Nc3 Qd6 4. d4 Nf6 5. Nb5 Qd8 6. c4 a6 7. Nc3 e6 8. Nf3 Be7 9. Bf4 0-0 10. Qc2 c5 11. 0-0-0 cxd4 12. Nxd4 Nbd7 13. Nb3 b6 14. Bd3 Bb7 15. Rhg1 e5 16. Be3 Qc7 17. g4 g6 18. g5 Nh5 19. Be4 Rac8 20. Bxb7 Qxb7 21. Nd5 Bc5 22. Nxc5 Nxc5 23. b4 Nd7 24. Ne7+ Kg7 25. Nxc8 Rxc8 26. Kb1 b5 27. c5 Nb6 28. Qd3 Nc4 29. Qd5 Qc6 30. Qxc6 Rxc6 31. Kc2 Re6 32. Rge1 Rc6 33. Kb3 Re6 34. a4 Rc6 35. Rd7 1-0

[Event "SCO-ch 124th"]
[Site "Dundee"]
[Date "2017.07.23"]
[Round "9"]
[White "Paul, Rabindra"]
[Black "Zamvar, Vipin"]
[Result "1-0"]
[WhiteElo "1841"]
[BlackElo "1651"]
[PlyCount "49"]
[EventDate "2017.07.15"]
[EventType "swiss"]
[EventRounds "9"]
[EventCountry "SCO"]
[SourceTitle "EXT 2018"]
[Source "ChessBase"]
[SourceDate "2017.10.13"]
[SourceVersion "1"]
[SourceVersionDate "2017.10.13"]
[SourceQuality "1"]

1. Nf3 d5 2. d4 e6 3. c4 Nf6 4. Nc3 Bb4 5. e3 0-0 6. Bd3 dxc4 7. Bxc4 b6 8. 0-0 Bb7 9. Qe2 Bxc3 10. bxc3 Ne4 11. Bb2 Qf6 12. Ne1 Nd7 13. f3 Nd6 14. Bd3 c5 15. e4 Qd8 16. f4 Qh4 17. Nf3 Qh5 18. h3 f5 19. exf5 Nxf5 20. Qxe6+ Rf7 21. Ng5 Nh6 22. Bxh7+ Kh8 23. Bg6 Rf6 24. Bxh5 Rxe6 25. Nxe6 1-0

[Event "SCO-ch 124th"]
[Site "Dundee"]
[Date "2017.07.17"]
[Round "3"]
[White "Dunn, Alan Stephan"]
[Black "Paul, Rabindra"]
[Result "1-0"]
[WhiteElo "2039"]
[BlackElo "1841"]
[PlyCount "99"]
[EventDate "2017.07.15"]
[EventType "swiss"]
[EventRounds "9"]
[EventCountry "SCO"]
[SourceTitle "CBM 179 Extra"]
[Source "ChessBase"]
[SourceDate "2017.08.23"]
[SourceVersion "1"]
[SourceVersionDate "2017.08.23"]
[SourceQuality "1"]

1. d4 Nf6 2. Bf4 g6 3. Nc3 Bg7 4. e4 d6 5. Qd2 0-0 6. 0-0-0 Nbd7 7. Bh6 c5 8. d5 a6 9. h4 Bxh6 10. Qxh6 Ng4 11. Qd2 h5 12. f3 Nge5 13. g4 Nf6 14. gxh5 Nxh5 15. f4 Ng4 16. Nh3 b5 17. Ne2 b4 18. f5 Qa5 19. Kb1 Qa4 20. Qg5 b3 21. axb3 Qxe4 22. fxg6 fxg6 23. Ng3 Nxg3 24. Bd3 Qe5 25. Qxg6+ Qg7 26. Qxg7+ Kxg7 27. Rhg1 Nh5 28. Be2 Nhf6 29. Nf2 Rh8 30. Nxg4 Rxh4 31. Ne5+ Kh7 32. Nc6 Bg4 33. Bxg4 Nxg4 34. Nxe7 Rf8 35. Rdf1 Rxf1+ 36. Rxf1 Ne5 37. Nf5 Rh2 38. Nxd6 Rd2 39. Ne4 Rd4 40. Nc3 c4 41. bxc4 Nxc4 42. Rf6 Ne3 43. Rxa6 Rf4 44. d6 Rf1+ 45. Ka2 Nxc2 46. Kb3 Nd4+ 47. Kc4 Nc2 48. d7 Rf4+ 49. Kc5 Rd4 50. Rd6 1-0